|
|
|
|
| LEADER |
00000nab a2200000 ar4500 |
| 001 |
vtls008954843 |
| 003 |
SK-MaSNL |
| 005 |
20260303070331.0 |
| 008 |
070313c2007 xo mr|p|||||||000 b|slo |
| 015 |
|
|
|a SNBRB2007/03
|2 snkbucl
|
| 038 |
|
|
|a SNKBUCL
|
| 040 |
|
|
|a SNKBUCL
|b slo
|c SNKBUCL
|e AACR2
|
| 041 |
0 |
|
|a slo
|
| 044 |
|
|
|a xo
|c SK
|
| 080 |
|
|
|a 364.35:331.102
|2 2001
|
| 080 |
|
|
|a 331.102
|2 2001
|
| 100 |
1 |
|
|a Dittler, Peter
|4 aut
|9 856397
|
| 245 |
1 |
0 |
|a Zachovanie výhod z pracovných kategórií
|c Peter Dittler
|
| 650 |
0 |
7 |
|a dôchodkové poistenie
|2 snkbucl
|9 26984
|
| 650 |
0 |
7 |
|a pracovné kategórie
|2 snkbucl
|9 892021
|
| 773 |
0 |
|
|t Národné poistenie
|g Roč. XXXIX, č. 2 (2007)
|x 1335-4795
|
| 773 |
0 |
8 |
|t Príloha
|g Február (2007), s. 12-13
|
| 852 |
|
|
|a SNK
|b KIS3GCP
|
| 999 |
|
|
|c 1754914
|d 1756844
|